Computer Science : (Record no. 133386)
[ view plain ]
| 000 -LEADER | |
|---|---|
| fixed length control field | 00853nam a22002657a 4500 |
| 003 - CONTROL NUMBER IDENTIFIER | |
| control field | dpl |
| 005 - DATE AND TIME OF LATEST TRANSACTION | |
| control field | 20181122133401.0 |
| 008 - FIXED-LENGTH DATA ELEMENTS--GENERAL INFORMATION | |
| fixed length control field | 181122b ||||| |||| 00| 0 eng d |
| 010 ## - LIBRARY OF CONGRESS CONTROL NUMBER | |
| LC control number | B-118664, B-118698 |
| 020 ## - INTERNATIONAL STANDARD BOOK NUMBER | |
| Terms of availability | 175.00 |
| International Standard Book Number | 817478165 |
| 035 ## - SYSTEM CONTROL NUMBER | |
| System control number | B-118664 |
| 037 ## - SOURCE OF ACQUISITION | |
| Source of stock number/acquisition | Cen Lib/Ret |
| 040 ## - CATALOGING SOURCE | |
| Original cataloging agency | DPL |
| Language of cataloging | EN |
| Transcribing agency | 0 |
| 082 ## - DEWEY DECIMAL CLASSIFICATION NUMBER | |
| Classification number | 005 |
| Item number | SAD |
| 100 ## - MAIN ENTRY--PERSONAL NAME | |
| Personal name | Sadasivam, N. |
| 9 (RLIN) | 37799 |
| 245 ## - TITLE STATEMENT | |
| Title | Computer Science : |
| Statement of responsibility, etc | by N. Sadasivam;S. GovindaRaju [and] S. Luther Martin King |
| Remainder of title | descriptive type / |
| 260 ## - PUBLICATION, DISTRIBUTION, ETC. (IMPRINT) | |
| Place of publication, distribution, etc | Chennai |
| Name of publisher, distributor, etc | Sura Books |
| 270 ## - ADDRESS | |
| Address | 1620, J-Block 16th Main Road Anna Nagar |
| City | Chennai |
| Postal code | 600040 |
| 300 ## - PHYSICAL DESCRIPTION | |
| Extent | viii,302p. |
| Dimensions | 23cm(Hb) |
| 650 ## - SUBJECT ADDED ENTRY--TOPICAL TERM | |
| Topical term or geographic name as entry element | Computer science |
| 9 (RLIN) | 37800 |
| 650 ## - SUBJECT ADDED ENTRY--TOPICAL TERM | |
| Topical term or geographic name as entry element | Computer programming |
| 9 (RLIN) | 1122 |
| 700 ## - ADDED ENTRY--PERSONAL NAME | |
| Personal name | GovindaRaju, S. |
| 9 (RLIN) | 37801 |
| 700 ## - ADDED ENTRY--PERSONAL NAME | |
| Personal name | King, S. Luther Martin |
| 9 (RLIN) | 37802 |
| 942 ## - ADDED ENTRY ELEMENTS (KOHA) | |
| Source of classification or shelving scheme | Dewey Decimal Classification |
| Koha item type | English Books |
| Classification part | 005 |
| Call number suffix | SAD |
| Withdrawn status | Lost status | Damaged status | Not for loan | Home library | Current library | Date acquired | Source of acquisition | Cost, normal purchase price | Total Checkouts | Full call number | Barcode | Date last seen | Date checked out | Copy number | Cost, replacement price | Price effective from | Koha item type | Source of classification or shelving scheme | Collection code |
|---|---|---|---|---|---|---|---|---|---|---|---|---|---|---|---|---|---|---|---|
| Central Library | Central Library | 25/07/2015 | Cen Lib/Ret | 175.00 | 3 | 005 SAD | B-118664 | 08/07/2019 | 22/06/2019 | 1 | 175.00 | 25/07/2015 | English Books | ||||||
| Vigyan Vihar | Vigyan Vihar | 22/11/2018 | BPPD/PUB | 175.00 | 005 SAD | B-118698 | 22/11/2018 | 175.00 | 22/11/2018 | English Books | Dewey Decimal Classification | Non-fiction |
